Celoštátny seminár Paralelné systémy /
Enregistré dans:
| Auteur principal: | |
|---|---|
| Format: | Livre |
| Langue: | slovaque |
| Publié: |
Bratislava :
Dom techniky ČSVTS,
1990
|
| Tags: |
Pas de tags, Soyez le premier à ajouter un tag!
|
MARC
| LEADER | 00000nam a22000003a 4500 | ||
|---|---|---|---|
| 001 | stu508 | ||
| 005 | 20150617225618.1 | ||
| 008 | 910530s1990----cs------------------slo-d | ||
| 040 | |a STU |b slo | ||
| 041 | 0 | |a slo | |
| 044 | |a cs | ||
| 080 | |a 681.32.013 | ||
| 080 | |a 061.3(08) | ||
| 080 | |a 519.687 | ||
| 100 | 1 | |a Brezány, P |4 aut | |
| 245 | 1 | |a Celoštátny seminár Paralelné systémy / |c Aut.: Brezány,P. a kol | |
| 260 | |a Bratislava : |b Dom techniky ČSVTS, |c 1990 | ||
| 300 | |a 120 s | ||
| 996 | |b E70383 |c I*70383 |l II680 |s A |a 24 |w stu508_0001 | ||
| 996 | |b E70384 |c I*70384 |l II680 |s A |a 24 |w stu508_0002 | ||
| 996 | |b E70385 |c I*70385 |l II680 |s A |a 24 |w stu508_0003 | ||